[Event "First Saturday 2010 november FM-C"]
[Site "Budapest"]
[Date "2010.11.06"]
[Round "1.1"]
[White "Vujosevics, Eszter"]
[Black "Hetesi, Zoltan"]
[Result "1-0"]
[WhiteElo "1334"]
[BlackElo "1523"]
[PlyCount "49"]
[EventDate "2010.11.06"]

1. e4 e5 2. Nf3 d5 3. exd5 e4 4. Qe2 f5 5. d3 Nf6 6. dxe4 fxe4 7. Nc3 Bb4 8.
Qb5+ c6 9. Qxb4 exf3 10. Be3 a5 11. Qc5 fxg2 12. Bxg2 Bg4 13. f3 Bh5 14. O-O-O
Nbd7 15. Qa3 b5 16. dxc6 b4 17. cxd7+ Nxd7 18. Qa4 bxc3 19. Bh3 cxb2+ 20. Kb1
O-O 21. Rxd7 Qf6 22. Rxg7+ Qxg7 23. Rg1 Bg6 24. Qc4+ Kh8 25. Bd4 1-0

[Event "First Saturday 2010 november FM-C"]
[Site "Budapest"]
[Date "2010.11.07"]
[Round "1.2"]
[White "Hetesi, Zoltan"]
[Black "Kelemen, Lajos dr"]
[Result "1-0"]
[WhiteElo "1523"]
[BlackElo "1451"]
[PlyCount "71"]
[EventDate "2010.11.06"]

1. e4 c5 2. Nf3 e6 3. c3 d5 4. exd5 Qxd5 5. d4 Nf6 6. Be3 cxd4 7. cxd4 a6 8.
Nc3 Qd8 9. Bd3 Be7 10. O-O O-O 11. Ng5 g6 12. Nge4 Nxe4 13. Nxe4 f5 14. Nc5 b5
15. Qb3 Bxc5 16. dxc5 Nc6 17. Rad1 Qe7 18. Be2 Rd8 19. Rxd8+ Qxd8 20. Rd1 Qe7
21. Rd6 Ne5 22. Bf4 Nf7 23. Bf3 Ra7 24. Rc6 Nd8 25. Rxc8 Kf7 26. Qd3 Rd7 27.
Bd6 Qg5 28. Qe3 Qf6 29. Qe5 Qg5 30. Qe3 Qf6 31. Be5 Qe7 32. Qh6 Kg8 33. h4 Qf8
34. Qxf8+ Kxf8 35. Bf6 Ke8 36. Bc6 1-0

[Event "First Saturday 2010 november FM-C"]
[Site "Budapest"]
[Date "2010.11.07"]
[Round "1.2"]
[White "Somogyi, Theodora"]
[Black "Vujosevics, Eszter"]
[Result "0-1"]
[WhiteElo "1264"]
[BlackElo "1334"]
[PlyCount "52"]
[EventDate "2010.11.06"]

1. e4 e5 2. Nf3 Nc6 3. d4 exd4 4. Nxd4 Bc5 5. c3 Nf6 6. Bd3 Nxd4 7. Be3 Ne6 8.
Bxc5 Nxc5 9. Bc2 O-O 10. O-O Ncxe4 11. Qd3 g6 12. Na3 d5 13. Rae1 Bf5 14. Qd4
c5 15. Qd1 Bd7 16. Qf3 Nd2 17. Qe3 Nxf1 18. Kxf1 Re8 19. Qd2 Ng4 20. Kg1 Qc7
21. g3 Rxe1+ 22. Qxe1 Re8 23. Qd2 Qe5 24. Kg2 d4 25. Nc4 Bc6+ 26. Kh3 Qh5# 0-1

[Event "First Saturday 2010 november FM-C"]
[Site "Budapest"]
[Date "2010.11.08"]
[Round "1.3"]
[White "Vujosevics, Eszter"]
[Black "Olah, Attila"]
[Result "0-1"]
[WhiteElo "1334"]
[BlackElo "1556"]
[PlyCount "58"]
[EventDate "2010.11.06"]

1. e4 c5 2. Nf3 e6 3. c4 Nc6 4. d4 cxd4 5. Nxd4 Nf6 6. Nc3 Bb4 7. f3 Bxc3+ 8.
bxc3 e5 9. Nxc6 bxc6 10. Bg5 h6 11. Bh4 g5 12. Bg3 Qa5 13. Qd2 Nh5 14. Bf2 Bb7
15. Be2 Nf4 16. Bf1 d5 17. g3 Ne6 18. Rb1 Rb8 19. exd5 cxd5 20. cxd5 Ng7 21.
Qe3 O-O 22. Qxa7 Qxc3+ 23. Kd1 Qxf3+ 24. Kd2 Qxd5+ 25. Bd3 e4 26. Rb3 exd3 27.
Rhb1 Ra8 28. Qxb7 Rxa2+ 29. Ke3 Re8+ 0-1

[Event "First Saturday 2010 november FM-C"]
[Site "Budapest"]
[Date "2010.11.08"]
[Round "1.3"]
[White "Kelemen, Lajos dr"]
[Black "Somogyi, Theodora"]
[Result "1-0"]
[WhiteElo "1451"]
[BlackElo "1264"]
[PlyCount "59"]
[EventDate "2010.11.06"]

1. d4 d5 2. e4 dxe4 3. Nc3 Nf6 4. f3 Bf5 5. g4 Be6 6. g5 Nd5 7. Nxe4 f5 8. gxf6
exf6 9. Qe2 c6 10. Be3 Nd7 11. O-O-O Qb6 12. Nh3 O-O-O 13. Nf4 Nxf4 14. Bxf4 f5
15. Nc3 Re8 16. Qd3 Nf6 17. Bh3 g6 18. Rhe1 c5 19. d5 Bd7 20. Rxe8+ Nxe8 21.
Be5 Rg8 22. f4 Bg7 23. Bg2 g5 24. Bxg7 Nxg7 25. fxg5 Qd8 26. h4 Nh5 27. Qf3 Qe8
28. d6 f4 29. Qxb7+ Kd8 30. Qc7# 1-0

[Event "First Saturday 2010 november FM-C"]
[Site "Budapest"]
[Date "2010.11.09"]
[Round "1.4"]
[White "Olah, Attila"]
[Black "Hetesi, Zoltan"]
[Result "1-0"]
[WhiteElo "1556"]
[BlackElo "1523"]
[PlyCount "39"]
[EventDate "2010.11.06"]

1. e4 e5 2. d4 exd4 3. f4 Bc5 4. Nf3 Nc6 5. Bd3 d6 6. a3 a6 7. Nbd2 Bg4 8. h3
Bd7 9. O-O Nf6 10. Kh1 Qe7 11. b4 Ba7 12. Nc4 b5 13. e5 bxc4 14. exf6 Qxf6 15.
Bxc4 d3 16. Rb1 dxc2 17. Qxc2 Bf5 18. Bd3 Ne7 19. Re1 Bxd3 20. Qc6+ 1-0

[Event "First Saturday 2010 november FM-C"]
[Site "Budapest"]
[Date "2010.11.09"]
[Round "1.4"]
[White "Vujosevics, Eszter"]
[Black "Kelemen, Lajos dr"]
[Result "1/2-1/2"]
[WhiteElo "1334"]
[BlackElo "1451"]
[PlyCount "92"]
[EventDate "2010.11.06"]

1. e4 c5 2. Nf3 a6 3. c4 Nc6 4. Nc3 g6 5. d3 Bg7 6. Bd2 e6 7. Be2 Nge7 8. O-O
O-O 9. Bf4 Nd4 10. Bd6 Nxe2+ 11. Qxe2 b6 12. Na4 Re8 13. Qe3 Bb7 14. Rab1 Nc8
15. Qf4 Bc6 16. Bc7 Qe7 17. Nxb6 Nxb6 18. Bxb6 Rab8 19. Bc7 Rbc8 20. Bd6 Qd8
21. Bxc5 e5 22. Qe3 d6 23. Bb4 Rb8 24. Bd2 Re6 25. Ng5 Rf6 26. Nf3 Qd7 27. Bc3
Re6 28. d4 exd4 29. Nxd4 Rxe4 30. Qd3 Bb7 31. f3 Ree8 32. Rfd1 Be5 33. Bb4 d5
34. Ne2 Rbd8 35. b3 Bc6 36. Ba5 dxc4 37. Qxc4 Qa7+ 38. Kh1 Bb5 39. Qc2 Rxd1+
40. Rxd1 Bxh2 41. Kxh2 Rxe2 42. Qc8+ Re8 43. Rd8 Qe3 44. Rxe8+ Bxe8 45. Qxa6
Qe5+ 46. g3 Qb2+ 1/2-1/2

[Event "First Saturday 2010 november FM-C"]
[Site "Budapest"]
[Date "2010.11.10"]
[Round "1.5"]
[White "Kelemen, Lajos dr"]
[Black "Olah, Attila"]
[Result "0-1"]
[WhiteElo "1451"]
[BlackElo "1556"]
[PlyCount "54"]
[EventDate "2010.11.06"]

1. d4 d5 2. e4 dxe4 3. Nc3 e5 4. dxe5 Qxd1+ 5. Nxd1 Nc6 6. Bb5 Bd7 7. Bxc6 Bxc6
8. Bf4 O-O-O 9. Ne3 Ne7 10. Ne2 Ng6 11. Bg3 Bc5 12. a4 Rhe8 13. Nc4 b5 14. axb5
Bxb5 15. b3 Bxc4 16. bxc4 Nxe5 17. Bxe5 Rxe5 18. O-O Rd2 19. Nf4 Rxc2 20. Rac1
Bxf2+ 21. Kh1 Rxc1 22. Rxc1 Be3 23. Rf1 Bxf4 24. Rxf4 e3 25. Rf1 Kd7 26. g3 Kc6
27. Rxf7 e2 0-1

[Event "First Saturday 2010 november FM-C"]
[Site "Budapest"]
[Date "2010.11.10"]
[Round "1.5"]
[White "Hetesi, Zoltan"]
[Black "Somogyi, Theodora"]
[Result "1-0"]
[WhiteElo "1523"]
[BlackElo "1264"]
[PlyCount "52"]
[EventDate "2010.11.06"]

1. e4 c5 2. Nf3 Nc6 3. c3 e5 4. d4 cxd4 5. cxd4 d6 6. d5 Nce7 7. Be3 Bd7 8. Nc3
Nf6 9. Bd3 a6 10. O-O Ng6 11. Qb3 b5 12. Nd2 Nh4 13. Bg5 Nxg2 14. Kxg2 Bh3+ 15.
Kxh3 Qd7+ 16. Kg2 Qg4+ 17. Kh1 Qxg5 18. Nf3 Qf4 19. Be2 Rb8 20. Rac1 Be7 21.
Qc2 O-O 22. Qd2 Qg4 23. Nxe5 Qh4 24. Nc6 Rbe8 25. f3 Nh5 26. Rg1 g6 1-0

[Event "First Saturday 2010 november FM-C"]
[Site "Budapest"]
[Date "2010.11.11"]
[Round "2.1"]
[White "Hetesi, Zoltan"]
[Black "Vujosevics, Eszter"]
[Result "1-0"]
[WhiteElo "1523"]
[BlackElo "1334"]
[PlyCount "43"]
[EventDate "2010.11.06"]

1. e4 e5 2. Nf3 Nc6 3. c3 Nf6 4. d4 exd4 5. e5 Nd5 6. cxd4 Bb4+ 7. Bd2 Bxd2+ 8.
Nbxd2 O-O 9. Ne4 f6 10. Bc4 Ncb4 11. Qb3 Kh8 12. Bxd5 Nxd5 13. Qxd5 c6 14. Qb3
fxe5 15. Nxe5 Qa5+ 16. Nc3 d5 17. O-O Qd8 18. Qd1 Qg5 19. Qc1 Qh4 20. Qe3 Re8
21. Nf7+ Kg8 22. Qxe8# 1-0

[Event "First Saturday 2010 november FM-C"]
[Site "Budapest"]
[Date "2010.11.12"]
[Round "2.2"]
[White "Kelemen, Lajos dr"]
[Black "Hetesi, Zoltan"]
[Result "0-1"]
[WhiteElo "1451"]
[BlackElo "1523"]
[PlyCount "85"]
[EventDate "2010.11.06"]

1. d4 d5 2. g3 Bf5 3. Nf3 e6 4. Bg2 c5 5. O-O Nc6 6. Nh4 Nxd4 7. Nxf5 Nxf5 8.
c3 Nf6 9. g4 Nd6 10. h3 h6 11. a4 Qc7 12. b3 O-O-O 13. Bf4 g5 14. Be5 Bg7 15.
Nd2 Nfe8 16. Bxg7 Nxg7 17. b4 c4 18. a5 a6 19. Nf3 f5 20. Qd4 Nb5 21. Qe3 fxg4
22. hxg4 Rdf8 23. Ne5 Rf6 24. Rfc1 Rhf8 25. f3 Rd8 26. Kf2 Qd6 27. Qc5+ Qxc5+
28. bxc5 h5 29. gxh5 Nxh5 30. c6 bxc6 31. Nxc6 Rd6 32. Ne5 Rf5 33. Ng4 Nf6 34.
Ne3 Rf4 35. Rh1 Ne4+ 36. Ke1 Nexc3 37. Rh8+ Kb7 38. Ng4 Nd4 39. Kd2 Ncxe2 40.
Rb1+ Nb3+ 41. Rxb3+ cxb3 42. Rh7+ Kc6 43. Kxe2 0-1

[Event "First Saturday 2010 november FM-C"]
[Site "Budapest"]
[Date "2010.11.12"]
[Round "2.2"]
[White "Vujosevics, Eszter"]
[Black "Somogyi, Theodora"]
[Result "1-0"]
[WhiteElo "1334"]
[BlackElo "1264"]
[PlyCount "59"]
[EventDate "2010.11.06"]

1. e4 c5 2. Nf3 Nc6 3. Bb5 e5 4. Bxc6 dxc6 5. Nc3 Bd6 6. d3 Be6 7. Ng5 Bd7 8.
Qh5 g6 9. Qf3 f6 10. Nh3 Qe7 11. Be3 O-O-O 12. O-O-O Be6 13. Kb1 Qc7 14. b3 Qa5
15. Bd2 b5 16. Na4 Qa6 17. Nb2 c4 18. dxc4 bxc4 19. Qc3 Bc7 20. f4 Ne7 21. Qb4
Rhe8 22. Nxc4 c5 23. Qxc5 Rd7 24. fxe5 fxe5 25. Bg5 Nc6 26. Rxd7 Bxd7 27. Rd1
Bg4 28. Rd2 Qb7 29. Nf2 Be6 30. Nd6+ {after 28 move} 1-0

[Event "First Saturday 2010 november FM-C"]
[Site "Budapest"]
[Date "2010.11.13"]
[Round "2.3"]
[White "Olah, Attila"]
[Black "Vujosevics, Eszter"]
[Result "1-0"]
[WhiteElo "1556"]
[BlackElo "1334"]
[PlyCount "45"]
[EventDate "2010.11.06"]

1. e4 e5 2. Nf3 Nc6 3. Nc3 Nf6 4. d4 exd4 5. Nd5 Bc5 6. Bc4 d6 7. O-O Be6 8.
Bg5 Bxd5 9. exd5 Ne7 10. Nxd4 Qd7 11. Bb5 c6 12. dxc6 bxc6 13. Ba4 Nfd5 14. Re1
f6 15. Bxc6 fxg5 16. Bxd7+ Kxd7 17. Qg4+ Kc7 18. Ne6+ Kc6 19. Nxc5 Kxc5 20.
Qxg5 Rad8 21. b3 Kc6 22. c4 Nf6 23. Qxg7 1-0

[Event "First Saturday 2010 november FM-C"]
[Site "Budapest"]
[Date "2010.11.13"]
[Round "2.3"]
[White "Somogyi, Theodora"]
[Black "Kelemen, Lajos dr"]
[Result "0-1"]
[WhiteElo "1264"]
[BlackElo "1451"]
[PlyCount "82"]
[EventDate "2010.11.06"]

1. e4 c5 2. c3 Nf6 3. d3 Nc6 4. Nf3 d6 5. d4 cxd4 6. Nxd4 Nxe4 7. Nxc6 bxc6 8.
Bd3 Nf6 9. Be3 Ng4 10. Qe2 Nxe3 11. Qxe3 Qb6 12. Qe2 e5 13. b3 a5 14. Nd2 Qc7
15. O-O Be7 16. Rae1 O-O 17. Qh5 g6 18. Qh6 Ba6 19. c4 Qd8 20. Nf3 f5 21. a3 e4
22. Be2 exf3 23. Bxf3 Bg5 24. Qh3 d5 25. Rd1 Qf6 26. g3 dxc4 27. Rd7 Rf7 28.
Bxc6 Rxd7 29. Bxd7 Rd8 30. Ba4 c3 31. b4 Bxf1 32. Qxf1 axb4 33. axb4 Qd4 34.
Qb1 Bd2 35. b5 Qxa4 36. b6 c2 37. Qb2 c1=Q+ 38. Qxc1 Bxc1 39. b7 Rb8 40. Kg2
Qc6+ 41. f3 Rxb7 0-1

[Event "First Saturday 2010 november FM-C"]
[Site "Budapest"]
[Date "2010.11.14"]
[Round "2.4"]
[White "Hetesi, Zoltan"]
[Black "Olah, Attila"]
[Result "1/2-1/2"]
[WhiteElo "1523"]
[BlackElo "1556"]
[PlyCount "22"]
[EventDate "2010.11.06"]

1. e4 c5 2. Nf3 e6 3. d4 cxd4 4. Nxd4 Nf6 5. Nc3 Bb4 6. Qd3 Nc6 7. Nxc6 dxc6 8.
Qxd8+ Kxd8 9. Bg5 Bxc3+ 10. bxc3 Ke7 11. e5 h6 1/2-1/2

[Event "First Saturday 2010 november FM-C"]
[Site "Budapest"]
[Date "2010.11.14"]
[Round "2.4"]
[White "Kelemen, Lajos dr"]
[Black "Vujosevics, Eszter"]
[Result "1-0"]
[WhiteElo "1451"]
[BlackElo "1334"]
[PlyCount "55"]
[EventDate "2010.11.06"]

1. Nf3 d5 2. c4 c6 3. b3 Nf6 4. Bb2 e6 5. e3 Be7 6. d4 b6 7. a4 O-O 8. Bd3 Nbd7
9. Qc2 g6 10. O-O Re8 11. Nc3 Bd6 12. Rfe1 e5 13. dxe5 Nxe5 14. Nxe5 Bxe5 15.
cxd5 cxd5 16. f4 Bc7 17. Bb5 Rf8 18. Bc6 Rb8 19. Rad1 Bb7 20. Bxb7 Rxb7 21.
Nxd5 Nxd5 22. e4 Bxf4 23. exd5 Rd7 24. Qc3 f6 25. Qc4 Rd6 26. Qxf4 Qd7 27. Ba3
Rxd5 28. Rxd5 1-0

[Event "First Saturday 2010 november FM-C"]
[Site "Budapest"]
[Date "2010.11.15"]
[Round "2.5"]
[White "Olah, Attila"]
[Black "Kelemen, Lajos dr"]
[Result "1-0"]
[WhiteElo "1556"]
[BlackElo "1451"]
[PlyCount "60"]
[EventDate "2010.11.06"]

1. e4 c5 2. d4 cxd4 3. c3 Nf6 4. Bd3 dxc3 5. Nxc3 e5 6. Nf3 d6 7. O-O a6 8. h3
Be7 9. Qe2 Nc6 10. Bc4 O-O 11. Rd1 Be6 12. Nd5 Kh8 13. Nxe7 Qxe7 14. Bd3 Nb4
15. Bd2 Nxd3 16. Qxd3 Rac8 17. Bb4 Bc4 18. Qxd6 Qxd6 19. Bxd6 Rfd8 20. Bxe5
Rxd1+ 21. Rxd1 Be2 22. Rd2 Bxf3 23. gxf3 Ng8 24. Rd7 f6 25. Bg3 b5 26. Bd6 Rc1+
27. Kg2 Rc8 28. f4 h5 29. e5 Kh7 30. e6 Kg6 1-0

[Event "First Saturday 2010 november FM-C"]
[Site "Budapest"]
[Date "2010.11.15"]
[Round "2.5"]
[White "Somogyi, Theodora"]
[Black "Hetesi, Zoltan"]
[Result "0-1"]
[WhiteElo "1264"]
[BlackElo "1523"]
[PlyCount "20"]
[EventDate "2010.11.06"]

1. e4 e5 2. Nf3 Nc6 3. c3 d5 4. Bd3 Nf6 5. Qe2 Bg4 6. O-O d4 7. c4 Nh5 8. Qd1
Nf4 9. Qc2 Bxf3 10. g3 Nh3# 0-1